01005nam a2200121Ia 4500008004100000041001200041245001800053260001400071440000600085500002800091510050800119650025600627231221s9999 xx 000 0 und d aEnglish 0aDigit (1999 - cJun, 2001 aI aTitle changed into CHIP aPlayware, Arena , Age of empires 11: The conquerors expansion homworld cataclysm Fifa 2001, Hardwood Solitaire Stunt GP Monkey Brains, Connect, Book marks: Indian art Sitemap: FashionIndia.Net Newsletters: Free Graphics sites India sites,ISP Watch Surge: MP3 Music Avalance Dana Mase Nicodemus penta- gram Trailers; Along came a spider Evolution 2001 Lucky Numbers Gallery : Wallpapers, Screensavers, Skins, Themes Droolmaal Featuring8 New-generation PDAS also Featuring Digital World Power By seagate  aPlayware, Arena , Age of empires 11: The conquerors expansion homworld cataclysm Fifa 2001, Hardwood Solitaire Stunt GP Monkey Brains, Connect, Book marks: Indian art Sitemap: FashionIndia.Net Newsletters: Free Graphics sites India sites,ISP Watch Sur